000 00462nam a2200157 i 4500
001 82535
003 ES-MaACL
005 20230906174706.0
007 t|
008 041110s1910 ag ||||1| spa d
100 1 _aIngenieros, José.
_965284
245 1 4 _aLas bases del Derecho penal /
_cJosé Ingenieros.
260 _aBuenos Aires :
_b[s.n.],
_c1910 (
_fTall. Gráfs. de la Penitencia Nacional)
300 _a45 p. ;
_c19 cm.
852 _aES-MaACL
_jT-1239-F-11
999 _c82535
_d82535